Hellenistic religions : an introduction /

Bibliographic Details
Main Author: Martin, Luther H., 1937-
Format: Book
Language:English
Published: New York : Oxford University Press, 1987.
Subjects:

MARC

Tag First Indicator Second Indicator Subfields
LEADER 00000cam a2200000 a 4500
001 in00000008258
005 20151002080028.0
008 861205s1987 nyua b 00110 eng
010 |a  86031281  
020 |a 0195043901 (alk. paper) :  |c $19.95 
020 |a 019504391X (pbk. : alk. paper) :  |c $8.95 
035 |a (OCoLC)15016456 
035 |9 AAA0631AM 
040 |a DLC  |c DLC  |d TXA  |d UtOrBLW 
043 |a e------  |a ff-----  |a aw----- 
050 0 0 |a BL722  |b .M33 1987 
082 0 |a 291/.0938  |2 19 
100 1 |a Martin, Luther H.,  |d 1937- 
245 1 0 |a Hellenistic religions :  |b an introduction /  |c Luther H. Martin. 
264 1 |a New York :  |b Oxford University Press,  |c 1987. 
300 |a xv, 170 pages :  |b illustrations ;  |c 22 cm. 
336 |a text  |b txt  |2 rdacontent 
337 |a unmediated  |b n  |2 rdamedia 
338 |a volume  |b nc  |2 rdacarrier 
504 |a Includes bibliographies and index. 
650 0 |a Religion  |x History. 
650 0 |a Hellenism. 
999 |a MARS 
999 f f |s 22e9d96f-3ccd-37d6-b153-c4a533a73575  |i 0f21b65a-4097-383c-9509-871e2cf9f872  |t 0 
952 f f |p ric  |a Texas A&M University  |b Rellis Campus  |c Joint Library Facility  |d Remote Storage  |t 0  |e BL722 .M33 1987  |h Library of Congress classification  |i unmediated -- volume  |m A14812614244 
998 f f |a BL722 .M33 1987  |t 0  |l Remote Storage